[Event "1st Las Palmas it"]
[Site "Las Palmas ESP"]
[Date "1972.05.29"]
[Round "1"]
[White "Benko, Pal"]
[Black "Larsen, Bent"]
[WhiteElo "2515"]
[BlackElo "2625"]
[Result "1/2-1/2"]
[EventDate "1972.05.29"]
[PlyCount "82"]

1.e4 e5 2.Nc3 Bc5 3.Nf3 d6 4.Na4 Bb6 5.Nxb6 axb6 6.d4 Qe7 7.Bd3 Nf6 8.O-O 
O-O 9.h3 Nc6 10.c3 h6 11.Re1 Nh7 12.b3 Qf6 13.Be3 Ne7 14.a4 Be6 15.b4 Ng6 
16.a5 bxa5 17.bxa5 Nf4 18.Bf1 g5 19.Rb1 Rfb8 20.Rb5 c6 21.dxe5 dxe5 22.
Rxe5 g4 23.hxg4 Bxg4 24.Bxf4 Qxf4 25.Qc1 Qxc1 26.Rxc1 Bxf3 27.gxf3 Ng5 28.
Rf5 b5 29.axb6 Rxb6 30.Kg2 Ra4 31.Kg3 Kg7 32.Bg2 Ne6 33.Rd1 Rb7 34.Bf1 Ra3
35.Bc4 Rxc3 36.Bxe6 fxe6 37.Rf4 Rf7 38.Rxf7+ Kxf7 39.Kf4 c5 40.Rd7+ Kg6 
41.Re7 Kf6 1/2-1/2

[Event "1st Las Palmas it"]
[Site "Las Palmas ESP"]
[Date "1972.05.29"]
[Round "1"]
[White "Bronstein, David"]
[Black "Medina Garcia, Antonio Angel"]
[WhiteElo "2585"]
[BlackElo "2380"]
[Result "1/2-1/2"]
[EventDate "1972.05.29"]
[PlyCount "83"]

1.e4 e5 2.Nf3 Nc6 3.Bb5 a6 4.Bxc6 dxc6 5.O-O f6 6.d4 exd4 7.Nxd4 c5 8.Nb3 
Qxd1 9.Rxd1 Bd7 10.a4 b6 11.Bf4 O-O-O 12.a5 g5 13.Be3 c4 14.Nd4 b5 15.Nc3 
Ne7 16.b3 b4 17.Na2 c5 18.Nf3 Nc6 19.bxc4 Be6 20.Rxd8+ Kxd8 21.Nd2 Ne5 22.
Nb3 Nd7 23.Nac1 Kc7 24.Nd3 Kc6 25.Nd2 Bd6 26.Rd1 Ne5 27.Nxe5+ Bxe5 28.Nb3 
Bd6 29.Rd5 Bxd5 30.exd5+ Kd7 31.Kf1 Re8 32.Ke2 h6 33.Kd3 Rc8 34.g4 Ke7 35.
h3 f5 36.gxf5 Kf6 37.Ke4 h5 38.f3 Re8+ 39.Kd3 Rc8 40.Ke4 Re8+ 41.Kd3 Rc8 
42.Ke4 1/2-1/2

[Event "1st Las Palmas it"]
[Site "Las Palmas ESP"]
[Date "1972.05.29"]
[Round "1"]
[White "Dominguez Sanz, Juan Pedro"]
[Black "Visier Segovia, Fernando"]
[WhiteElo "2265"]
[BlackElo "2365"]
[Result "1/2-1/2"]
[EventDate "1972.05.29"]
[PlyCount "24"]

1.d4 d5 2.c4 e6 3.Nc3 Nf6 4.e3 c5 5.Nf3 Nc6 6.a3 Ne4 7.Bd3 Nxc3 8.bxc3 
dxc4 9.Bxc4 Be7 10.O-O O-O 11.Qe2 Qc7 12.e4 e5 1/2-1/2

[Event "1st Las Palmas it"]
[Site "Las Palmas ESP"]
[Date "1972.05.29"]
[Round "1"]
[White "Tatai, Stefano"]
[Black "Pomar Salamanca, Arturo"]
[WhiteElo "2460"]
[BlackElo "2460"]
[Result "1/2-1/2"]
[EventDate "1972.05.29"]
[PlyCount "37"]

1.c4 c6 2.d4 d5 3.Nf3 Nf6 4.Nc3 e6 5.Bg5 h6 6.Bxf6 Qxf6 7.Qb3 a5 8.cxd5 
exd5 9.e3 Na6 10.Rc1 Qd8 11.Bd3 Bd6 12.O-O O-O 13.Bb1 Re8 14.Rfe1 Bg4 15.
Nd2 Qh4 16.Nf1 Qf6 17.f3 Bh5 18.Rcd1 Rad8 19.a3 1/2-1/2

[Event "1st Las Palmas it"]
[Site "Las Palmas ESP"]
[Date "1972.05.30"]
[Round "2"]
[White "Huguet, Bernard"]
[Black "Bronstein, David"]
[WhiteElo "2255"]
[BlackElo "2585"]
[Result "0-1"]
[EventDate "1972.05.29"]
[PlyCount "102"]

1.e4 e6 2.d4 d5 3.Nd2 c5 4.exd5 exd5 5.Bb5+ Bd7 6.Bxd7+ Nxd7 7.Ne2 c4 8.
Nf3 Ngf6 9.Ng3 Qe7+ 10.Qe2 g6 11.Qxe7+ Bxe7 12.Bf4 Nf8 13.c3 Ne6 14.Bd2 h5
15.Ng5 Ng7 16.h4 Nd7 17.O-O O-O 18.Rae1 Bd6 19.Ne2 f6 20.Nh3 Kf7 21.Bf4 
Bxf4 22.Nhxf4 Nb6 23.Ng3 Rfe8 24.f3 Rxe1 25.Rxe1 Re8 26.Kf2 Rd8 27.Re2 Na4
28.Ke1 b5 29.Kd1 a5 30.Kc2 b4 31.Re1 Nb6 32.Re2 Na8 33.Re1 Nc7 34.Re2 Nb5 
35.Re1 Nc7 36.a3 b3+ 37.Kd2 Nce6 38.Nxe6 Nxe6 39.Ne2 g5 40.Rh1 Kg6 41.Rh2 
Rh8 42.Rh1 Ng7 43.Ng3 Re8 44.Rh2 gxh4 45.Rxh4 Kg5 46.Rh1 h4 47.Ne2 Nf5 48.
Re1 Re3 49.Rg1 Rd3+ 50.Kc1 Ne3 51.g3 h3 0-1

[Event "1st Las Palmas it"]
[Site "Las Palmas ESP"]
[Date "1972.05.30"]
[Round "2"]
[White "Larsen, Bent"]
[Black "Dominguez Sanz, Juan Pedro"]
[WhiteElo "2625"]
[BlackElo "2265"]
[Result "1-0"]
[EventDate "1972.05.29"]
[PlyCount "43"]

1.b3 d5 2.Bb2 c5 3.e3 Nc6 4.Bb5 a6 5.Bxc6+ bxc6 6.d3 Nh6 7.Nc3 e5 8.e4 f5 
9.Nf3 Nf7 10.Na4 Bd6 11.Qe2 O-O 12.O-O-O Re8 13.c4 Rb8 14.Kb1 Qf6 15.Nd2 
Nd8 16.exd5 cxd5 17.cxd5 Bb7 18.Nc3 Nf7 19.g4 f4 20.h4 a5 21.g5 Qd8 22.
Rdg1 1-0

[Event "1st Las Palmas it"]
[Site "Las Palmas ESP"]
[Date "1972.05.30"]
[Round "2"]
[White "Smyslov, Vassily"]
[Black "Menvielle Laccourreye, Augusto"]
[WhiteElo "2620"]
[BlackElo "2365"]
[Result "1-0"]
[EventDate "1972.05.29"]
[PlyCount "169"]

1.e4 Nf6 2.e5 Nd5 3.d4 d6 4.Nf3 g6 5.Bc4 c6 6.O-O Bg7 7.exd6 Qxd6 8.Re1 
O-O 9.Bg5 Bg4 10.Nbd2 h6 11.Bh4 e6 12.c3 Qc7 13.Bg3 Qe7 14.Qb3 Bxf3 15.
Nxf3 Nb6 16.Bf1 N8d7 17.a4 a5 18.c4 Ra7 19.Re3 Re8 20.Qc2 Nc8 21.c5 Qd8 
22.Rd1 Ne7 23.Rb3 Nd5 24.Bc4 N7f6 25.h3 Nb4 26.Qe2 b6 27.Ne5 bxc5 28.dxc5 
Nfd5 29.Rf3 Bf8 30.Qd2 Qg5 31.Qd4 f6 32.Ng4 e5 33.h4 exd4 34.hxg5 Kh7 35.
gxf6 Bxc5 36.Ne5 Rf8 37.Nxc6 Ne3 38.Rxe3 Nxc6 39.Rf3 Nd8 40.Be5 Nc6 41.Bg3
Nd8 42.Rc1 Bb4 43.Be5 Nc6 44.Bg8+ Rxg8 45.Rxc6 Rd8 46.Rd3 Rd5 47.f4 g5 48.
Kf2 gxf4 49.Bxf4 Rf5 50.Kf3 Rf7 51.Rxd4 R7xf6 52.Rxf6 Rxf6 53.Ke4 Kg6 54.
Rd5 Re6+ 55.Be5 Rc6 56.Rd7 Rc4+ 57.Kd5 Rc5+ 58.Ke4 Kg5 59.Kd3 Rc1 60.Bd4 
h5 61.Rg7+ Kf5 62.Be3 Rd1+ 63.Kc2 Re1 64.Bb6 Re2+ 65.Kb3 Be1 66.Bd8 h4 67.
Rg5+ Kf4 68.Rc5 Rxg2 69.Rc4+ Ke5 70.Bxh4 Bb4 71.Rc6 Kd5 72.Rb6 Rg8 73.Bf2 
Rf8 74.Rb5+ Kc6 75.Bb6 Ra8 76.Kc4 Ra6 77.Bd4 Bd6 78.Rf5 Bc7 79.Rf6+ Kb7 
80.Kb5 Rxf6 81.Bxf6 Bb6 82.Bc3 Bc7 83.Bxa5 Be5 84.Bc3 Bf4 85.Bd4 1-0

[Event "1st Las Palmas it"]
[Site "Las Palmas ESP"]
[Date "1972.05.31"]
[Round "3"]
[White "Bronstein, David"]
[Black "Gheorghiu, Florin"]
[WhiteElo "2585"]
[BlackElo "2520"]
[Result "1-0"]
[EventDate "1972.05.29"]
[PlyCount "79"]

1.d4 Nf6 2.c4 g6 3.Nc3 d5 4.Nf3 Bg7 5.e3 O-O 6.Bd2 c6 7.Rc1 Be6 8.cxd5 
Nxd5 9.Be2 Nd7 10.O-O N7f6 11.Na4 Ne4 12.Bd3 Nxd2 13.Qxd2 Bg4 14.Ne5 Bxe5 
15.dxe5 Be6 16.h3 Qc7 17.f4 Rad8 18.Nc5 Bc8 19.e4 b6 20.Na6 Bxa6 21.Bxa6 
Nf6 22.Qe3 Nd7 23.b4 Nb8 24.Bc4 Qd7 25.Kh2 Qd4 26.Qe1 e6 27.Bb3 Na6 28.a3 
c5 29.Qe2 Qd3 30.Bc4 Qxe2 31.Bxe2 Nc7 32.bxc5 Rd2 33.cxb6 axb6 34.Rfe1 Rd7
35.Rc6 Ra8 36.Rec1 Ra7 37.Rd6 Re7 38.Rxb6 Rxa3 39.Rb7 Nd5 40.Rb8+ 1-0

[Event "1st Las Palmas it"]
[Site "Las Palmas ESP"]
[Date "1972.05.31"]
[Round "3"]
[White "Dominguez Sanz, Juan Pedro"]
[Black "Tatai, Stefano"]
[WhiteElo "2265"]
[BlackElo "2460"]
[Result "0-1"]
[EventDate "1972.05.29"]
[PlyCount "74"]

1.e4 Nf6 2.e5 Nd5 3.c4 Nb6 4.d4 d6 5.exd6 cxd6 6.Nf3 g6 7.Be3 Bg7 8.Be2 
O-O 9.Qd2 Bg4 10.Na3 Nc6 11.O-O d5 12.c5 Nd7 13.Rad1 Nf6 14.b4 Ne4 15.Qb2 
e5 16.dxe5 Bxf3 17.Bxf3 Nxe5 18.Qb3 Nxf3+ 19.gxf3 Nc3 20.Nb1 Nxd1 21.Rxd1 
d4 22.Bf4 Re8 23.Nd2 Qf6 24.Bg3 Qe6 25.Nc4 Re7 26.Kg2 h5 27.h4 Rd8 28.b5 
Rd5 29.Qb4 g5 30.hxg5 Rxg5 31.Rh1 Rc7 32.Re1 Qd5 33.Re8+ Kh7 34.Qb1+ Rg6 
35.Nd6 Rxc5 36.Ne4 Rxb5 37.Qh1 d3 0-1

[Event "1st Las Palmas it"]
[Site "Las Palmas ESP"]
[Date "1972.05.31"]
[Round "3"]
[White "Lehmann, Heinz"]
[Black "Medina Garcia, Antonio Angel"]
[WhiteElo "2395"]
[BlackElo "2380"]
[Result "1/2-1/2"]
[EventDate "1972.05.29"]
[PlyCount "57"]

1.c4 e6 2.Nf3 Nf6 3.Nc3 d5 4.d4 Bb4 5.e3 O-O 6.a3 Bxc3+ 7.bxc3 c5 8.Be2 
dxc4 9.Bxc4 Qc7 10.Be2 b6 11.O-O Ba6 12.a4 Rc8 13.Ba3 Bxe2 14.Qxe2 Nbd7 
15.Rfc1 cxd4 16.cxd4 Qb7 17.Nd2 Rxc1+ 18.Rxc1 Rc8 19.Qd1 h6 20.h3 Qa6 21.
e4 Rxc1 22.Qxc1 Qxa4 23.Bb2 Qb5 24.e5 Nd5 25.Qc8+ Kh7 26.Qc2+ Kg8 27.Qc8+ 
Kh7 28.Qc2+ Kg8 29.Qc8+ 1/2-1/2

[Event "1st Las Palmas it"]
[Site "Las Palmas ESP"]
[Date "1972.05.31"]
[Round "3"]
[White "Portisch, Lajos"]
[Black "Larsen, Bent"]
[WhiteElo "2640"]
[BlackElo "2625"]
[Result "1-0"]
[EventDate "1972.05.29"]
[PlyCount "93"]

1.d4 Nf6 2.c4 e6 3.Nc3 Bb4 4.e3 c5 5.Bd3 Nc6 6.Nf3 d5 7.O-O O-O 8.a3 cxd4 
9.exd4 Bxc3 10.bxc3 dxc4 11.Bxc4 Qa5 12.Qc2 e5 13.Be3 exd4 14.Bxd4 Nxd4 
15.cxd4 Bf5 16.Qb3 Be4 17.Ne5 Bd5 18.Nd7 Bxc4 19.Nxf6+ gxf6 20.Qxc4 Rac8 
21.Qb3 b6 22.Qf3 Kg7 23.Rae1 Rfd8 24.Re4 h5 25.h4 Qd5 26.Rfe1 Rc4 27.Qg3+ 
Kf8 28.Qf4 Kg7 29.R1e3 Rc1+ 30.Kh2 Rc6 31.Rg3+ Kh7 32.Re7 a5 33.Qe3 Rcd6 
34.Qd3+ Kh8 35.Qe2 Kh7 36.Qc2+ Kh8 37.Rg6 Rg8 38.Rh6+ Kg7 39.Rh7+ Kf8 40.
Rhxf7+ Qxf7 41.Rxf7+ Kxf7 42.Qc7+ Ke6 43.Qc4+ Rd5 44.Qc6+ Rd6 45.d5+ Ke7 
46.Qc7+ Rd7 47.d6+ 1-0

[Event "1st Las Palmas it"]
[Site "Las Palmas ESP"]
[Date "1972.06.02"]
[Round "4"]
[White "Benko, Pal"]
[Black "Dominguez Sanz, Juan Pedro"]
[WhiteElo "2515"]
[BlackElo "2265"]
[Result "0-1"]
[EventDate "1972.05.29"]
[PlyCount "84"]

1.e4 c6 2.d3 d5 3.Nd2 Nf6 4.Ngf3 Bg4 5.h3 Bh5 6.Qe2 e6 7.g3 Bc5 8.Bg2 Bb6 
9.g4 Bg6 10.Ne5 Nbd7 11.Nxg6 hxg6 12.e5 Ng8 13.Nf3 Qc7 14.c3 Ne7 15.Bf4 c5
16.Bg3 Nc6 17.O-O Qd8 18.Rfe1 Qe7 19.a3 O-O-O 20.b4 Rde8 21.b5 Na5 22.c4 
d4 23.Nd2 f5 24.exf6 gxf6 25.Rab1 f5 26.Qf3 fxg4 27.hxg4 Rhf8 28.Qe2 Bc7 
29.Ne4 Bxg3 30.Nxg3 Rf4 31.Qd2 Ref8 32.Qxa5 Rxf2 33.Qxa7 Qh4 34.Qxb7+ Kd8 
35.Qa8+ Ke7 36.Qc6 Qxg3 37.Rxe6+ Kd8 38.b6 R8f3 39.Qc7+ Qxc7 40.bxc7+ Kxc7
41.Rb7+ Kxb7 42.Re2 Rxg2+ 0-1

[Event "1st Las Palmas it"]
[Site "Las Palmas ESP"]
[Date "1972.06.02"]
[Round "4"]
[White "Huguet, Bernard"]
[Black "Lehmann, Heinz"]
[WhiteElo "2255"]
[BlackElo "2395"]
[Result "1/2-1/2"]
[EventDate "1972.05.29"]
[PlyCount "45"]

1.e4 c5 2.Nf3 d6 3.d4 cxd4 4.Nxd4 Nf6 5.Nc3 a6 6.Be2 e5 7.Nb3 Nbd7 8.a4 b6
9.O-O Bb7 10.f3 Be7 11.Be3 Qc7 12.Qd2 O-O 13.Rfd1 Rfd8 14.Qe1 h6 15.Rd2 
Nh5 16.Rad1 Nf4 17.Bf1 Ne6 18.Qf2 Rac8 19.Nc1 Nec5 20.Nd3 Nxd3 21.Bxd3 Qb8
22.Qg3 Qc7 23.Be2 1/2-1/2

[Event "1st Las Palmas it"]
[Site "Las Palmas ESP"]
[Date "1972.06.02"]
[Round "4"]
[White "Pomar Salamanca, Arturo"]
[Black "Medina Garcia, Antonio Angel"]
[WhiteElo "2460"]
[BlackElo "2380"]
[Result "1-0"]
[EventDate "1972.05.29"]
[PlyCount "95"]

1.d4 Nf6 2.Nf3 e6 3.Bg5 d5 4.e3 Be7 5.Nbd2 b6 6.Bd3 Bb7 7.O-O O-O 8.c3 
Nbd7 9.Qb1 h6 10.Bh4 c5 11.b4 c4 12.Bc2 Qc7 13.a4 a6 14.a5 b5 15.Bg3 Bd6 
16.Nh4 Rfe8 17.Bxd6 Qxd6 18.f4 Qc6 19.Nhf3 Ne4 20.Nxe4 dxe4 21.Ne5 Qd6 22.
Nxd7 Qxd7 23.Bxe4 Bxe4 24.Qxe4 f6 25.Rad1 Rad8 26.Qf3 Qc7 27.e4 Kh8 28.Rf2
Kg8 29.Rfd2 Qa7 30.Kh1 Qb8 31.h3 Qc7 32.e5 Rf8 33.Re2 Qf7 34.Qc6 Kh8 35.
Qxa6 Qh5 36.Rde1 fxe5 37.Rxe5 Qh4 38.Qxb5 Rxf4 39.Rxe6 Rdf8 40.Re8 Kh7 41.
Qe5 R8f5 42.Qb8 Qg3 43.Rh8+ Kg6 44.Qe8+ Kg5 45.Qe3 Qxe3 46.Rxe3 Rf1+ 47.
Kh2 Rc1 48.Rg3+ 1-0

[Event "1st Las Palmas it"]
[Site "Las Palmas ESP"]
[Date "1972.06.03"]
[Round "5"]
[White "Bronstein, David"]
[Black "Visier Segovia, Fernando"]
[WhiteElo "2585"]
[BlackElo "2365"]
[Result "1-0"]
[EventDate "1972.05.29"]
[PlyCount "109"]

1.f4 d5 2.Nf3 g6 3.e3 Bg7 4.Be2 Nf6 5.O-O O-O 6.Qe1 Bg4 7.c3 Nbd7 8.d4 Ne4
9.Bd3 Nd6 10.Nbd2 c5 11.Ne5 Nxe5 12.dxe5 Bf5 13.Bxf5 Nxf5 14.e4 Nh6 15.Qe2
e6 16.Nf3 dxe4 17.Qxe4 Qd5 18.Qxd5 exd5 19.Be3 b6 20.Rad1 Rfd8 21.Rd3 Ng4 
22.Bc1 f6 23.exf6 Nxf6 24.f5 c4 25.Rdd1 Ne4 26.Be3 Rd7 27.fxg6 hxg6 28.Bd4
Rf8 29.Rfe1 Re8 30.Bxg7 Kxg7 31.Ng5 Nf6 32.Rxe8 Nxe8 33.Re1 Nf6 34.h4 b5 
35.Kf2 a5 36.Kf3 b4 37.Re5 a4 38.a3 bxa3 39.bxa3 Ne4 40.Nxe4 dxe4+ 41.Rxe4
Rd3+ 42.Re3 Rd2 43.g4 Kf6 44.Ke4 Ra2 45.g5+ Kf7 46.Kd5 Rxa3 47.Kxc4 Rb3 
48.Rf3+ Kg7 49.Rf6 Rb2 50.Ra6 Rh2 51.Rxa4 Rxh4+ 52.Kb3 Rh5 53.Ra5 Kf7 54.
Re5 Rh8 55.c4 1-0

[Event "1st Las Palmas it"]
[Site "Las Palmas ESP"]
[Date "1972.06.03"]
[Round "5"]
[White "Dominguez Sanz, Juan Pedro"]
[Black "Pomar Salamanca, Arturo"]
[WhiteElo "2265"]
[BlackElo "2460"]
[Result "1/2-1/2"]
[EventDate "1972.05.29"]
[PlyCount "74"]

1.e4 c5 2.Nf3 d6 3.d4 Nf6 4.Nc3 cxd4 5.Nxd4 Nc6 6.Be2 e6 7.Be3 Be7 8.f4 a6
9.O-O Qc7 10.Nb3 b5 11.a3 Bb7 12.Bf3 O-O 13.Qe1 b4 14.axb4 Nxb4 15.Qf2 d5 
16.e5 Ne4 17.Bxe4 dxe4 18.Bb6 Qc8 19.Bc5 Re8 20.Ra4 e3 21.Qxe3 Nd5 22.Nxd5
Bxd5 23.Bxe7 Qxc2 24.Rf2 Qb1+ 25.Qc1 Qxc1+ 26.Nxc1 Rxe7 27.Rd2 Rc7 28.Ne2 
h6 29.Nc3 Bb3 30.Rad4 a5 31.Kf2 a4 32.Rd8+ Rxd8 33.Rxd8+ Kh7 34.Rd4 Ra7 
35.Nb5 Ra5 36.Nd6 f6 37.exf6 gxf6 1/2-1/2

[Event "1st Las Palmas it"]
[Site "Las Palmas ESP"]
[Date "1972.06.03"]
[Round "5"]
[White "Menvielle Laccourreye, Augusto"]
[Black "Tatai, Stefano"]
[WhiteElo "2365"]
[BlackElo "2460"]
[Result "1/2-1/2"]
[EventDate "1972.05.29"]
[PlyCount "21"]

1.e4 e5 2.f4 exf4 3.Nc3 Qh4+ 4.Ke2 d5 5.Nxd5 Bg4+ 6.Nf3 Nc6 7.Nxc7+ Kd8 8.
Nxa8 Ne5 9.h3 Bxf3+ 10.gxf3 Qg3 11.d4 1/2-1/2

[Event "1st Las Palmas it"]
[Site "Las Palmas ESP"]
[Date "1972.06.04"]
[Round "6"]
[White "Benko, Pal"]
[Black "Menvielle Laccourreye, Augusto"]
[WhiteElo "2515"]
[BlackElo "2365"]
[Result "1-0"]
[EventDate "1972.05.29"]
[PlyCount "113"]

1.Nf3 f5 2.g3 Nf6 3.Bg2 g6 4.b3 Bg7 5.Bb2 d6 6.d4 O-O 7.O-O c6 8.c4 Ne4 9.
Nbd2 d5 10.Qc2 Nd7 11.cxd5 cxd5 12.Rfc1 Ndf6 13.Ne5 Be6 14.f3 Rc8 15.Qd1 
Nxd2 16.Qxd2 Qb6 17.Nd3 Nd7 18.e3 g5 19.Ba3 Bf6 20.f4 g4 21.Nc5 Rfd8 22.
Bb4 Qc6 23.Na4 Qa6 24.Bf1 b5 25.Nc3 Qb7 26.Nxb5 a6 27.Na3 Nb8 28.Ba5 Rd6 
29.Rxc8+ Bxc8 30.Rc1 Nc6 31.Bc3 h5 32.Nc2 h4 33.Nb4 Qa7 34.Nd3 hxg3 35.
hxg3 Bg7 36.Ne5 Qb7 37.Nxc6 Rxc6 38.Ba5 Bd7 39.Rxc6 Bxc6 40.Qb4 Kf7 41.
Qxb7 Bxb7 42.a4 e6 43.Kf2 Ke8 44.Ke1 Kd7 45.Kd2 Kc6 46.b4 Bc8 47.Kc3 Kb7 
48.b5 Bf6 49.Kb3 axb5 50.Bxb5 Be7 51.Bb4 Bf6 52.a5 Kc7 53.Ka4 Bb7 54.a6 
Ba8 55.Ba5+ Kd6 56.Bb6 Bg7 57.Bd8 1-0

[Event "1st Las Palmas it"]
[Site "Las Palmas ESP"]
[Date "1972.06.04"]
[Round "6"]
[White "Larsen, Bent"]
[Black "Bronstein, David"]
[WhiteElo "2625"]
[BlackElo "2585"]
[Result "1/2-1/2"]
[EventDate "1972.05.29"]
[PlyCount "157"]

1.b3 d5 2.Bb2 c5 3.e3 Nf6 4.Bb5+ Bd7 5.Qe2 e6 6.Nf3 Be7 7.Bxd7+ Nfxd7 8.
O-O Bf6 9.Bxf6 Qxf6 10.Nc3 Nc6 11.Nb5 O-O 12.c4 dxc4 13.bxc4 Nde5 14.Nxe5 
Qxe5 15.f4 Qf6 16.Rab1 Rad8 17.Nc3 b6 18.g4 Rd7 19.Ne4 Qg6 20.f5 exf5 21.
Rxf5 Re8 22.d3 Ne5 23.Nf2 Qe6 24.Rf4 Red8 25.Rb3 Ng6 26.Re4 Qf6 27.Nh3 
Qa1+ 28.Kg2 h6 29.Nf4 Nxf4+ 30.Rxf4 Re7 31.Rf1 Qe5 32.e4 g6 33.Qf3 Red7 
34.a4 Kg7 35.Rd1 Rd6 36.Qg3 Qd4 37.Qf2 Qxf2+ 38.Kxf2 Rd4 39.Ke2 f5 40.gxf5
gxf5 41.Rg1+ Kh7 42.exf5 Re8+ 43.Kd1 Red8 44.Kc2 Rf4 45.a5 Rf2+ 46.Kc3 Rf3
47.Kd2 Rf2+ 48.Ke3 Rxf5 49.axb6 axb6 50.Rxb6 Rh5 51.Rb7+ Kh8 52.Rb2 Re8+ 
53.Kf3 Rd8 54.Ke3 Re8+ 55.Kf3 Rd8 56.Rd2 Rh3+ 57.Rg3 Rh4 58.Rgg2 Rh3+ 59.
Rg3 Rh4 60.Rg6 Kh7 61.Rc6 Rxc4 62.Rc7+ Kh8 63.dxc4 Rxd2 64.h3 Rd4 65.Rxc5 
Kg7 66.Rc8 h5 67.c5 Rh4 68.c6 Rc4 69.Ke3 Kf7 70.Kd3 Rc1 71.Ke4 Ke6 72.Kf4 
Rc5 73.h4 Kf6 74.Ke4 Ke6 75.Kd4 Rc2 76.Rh8 Rxc6 77.Rh6+ Kd7 78.Rxh5 Re6 
79.Rd5+ 1/2-1/2

[Event "1st Las Palmas it"]
[Site "Las Palmas ESP"]
[Date "1972.06.04"]
[Round "6"]
[White "Pomar Salamanca, Arturo"]
[Black "Huguet, Bernard"]
[WhiteElo "2460"]
[BlackElo "2255"]
[Result "1-0"]
[EventDate "1972.05.29"]
[PlyCount "49"]

1.Nf3 Nf6 2.c4 c5 3.Nc3 Nc6 4.d4 cxd4 5.Nxd4 d6 6.e4 Nxd4 7.Qxd4 g6 8.Bg5 
Bg7 9.Be2 O-O 10.Qd2 Re8 11.O-O Be6 12.f4 Qa5 13.Rac1 Rac8 14.b3 a6 15.Kh1
Rc7 16.h3 Rec8 17.g4 b5 18.f5 Bd7 19.Bh6 Bxh6 20.Qxh6 Bc6 21.Rf4 b4 22.g5 
bxc3 23.gxf6 exf6 24.Rh4 Qe5 25.Bd3 1-0

[Event "1st Las Palmas it"]
[Site "Las Palmas ESP"]
[Date "1972.06.06"]
[Round "7"]
[White "Lehmann, Heinz"]
[Black "Visier Segovia, Fernando"]
[WhiteElo "2395"]
[BlackElo "2365"]
[Result "1/2-1/2"]
[EventDate "1972.05.29"]
[PlyCount "35"]

1.e4 c5 2.Nf3 e6 3.d4 cxd4 4.Nxd4 a6 5.c4 Nf6 6.Nc3 Bb4 7.Bd3 Nc6 8.a3 
Bxc3+ 9.bxc3 Ne5 10.O-O d6 11.Bg5 h6 12.Bh4 g5 13.Bg3 Qa5 14.Re1 Qxc3 15.
Bxe5 dxe5 16.Nb3 Bd7 17.Qb1 Ba4 18.Nc5 1/2-1/2

[Event "1st Las Palmas it"]
[Site "Las Palmas ESP"]
[Date "1972.06.06"]
[Round "7"]
[White "Menvielle Laccourreye, Augusto"]
[Black "Dominguez Sanz, Juan Pedro"]
[WhiteElo "2365"]
[BlackElo "2265"]
[Result "1/2-1/2"]
[EventDate "1972.05.29"]
[PlyCount "82"]

1.e4 c6 2.d4 d5 3.exd5 cxd5 4.c4 Nc6 5.cxd5 Qxd5 6.Nf3 Bg4 7.Nc3 Bxf3 8.
gxf3 Qxd4 9.Qxd4 Nxd4 10.Nb5 Ne6 11.Bh3 a6 12.Bxe6 axb5 13.Bd5 e6 14.Bxb7 
Bb4+ 15.Ke2 Rd8 16.Bc6+ Ke7 17.Be3 Nf6 18.Rhc1 Bd6 19.Ba7 Rc8 20.Bxb5 Rxc1
21.Rxc1 Ra8 22.Bd4 Rxa2 23.Rc8 e5 24.Bc4 Ra4 25.Bc3 Nd7 26.Bb5 Rh4 27.Ba5 
Rxh2 28.Bd8+ Ke6 29.Bc4+ Kf5 30.Bd3+ Ke6 31.b4 Bxb4 32.Rc6+ Kd5 33.Be4+ 
Kd4 34.Bg5 Nc5 35.Rd6+ Kc3 36.Bd2+ Kc4 37.Bd5+ Kb5 38.Bxb4 Kxb4 39.Bxf7 
Rh4 40.Rd5 e4 41.Rg5 g6 1/2-1/2

[Event "1st Las Palmas it"]
[Site "Las Palmas ESP"]
[Date "1972.06.07"]
[Round "8"]
[White "Benko, Pal"]
[Black "Bronstein, David"]
[WhiteElo "2515"]
[BlackElo "2585"]
[Result "1/2-1/2"]
[EventDate "1972.05.29"]
[PlyCount "20"]

1.e4 c5 2.Nf3 d6 3.Nc3 e5 4.Bc4 Be7 5.d3 Be6 6.O-O Nd7 7.Nd5 Ngf6 8.Ne3 
Nb6 9.Bb3 O-O 10.Qe2 h6 1/2-1/2

[Event "1st Las Palmas it"]
[Site "Las Palmas ESP"]
[Date "1972.06.07"]
[Round "8"]
[White "Portisch, Lajos"]
[Black "Menvielle Laccourreye, Augusto"]
[WhiteElo "2640"]
[BlackElo "2365"]
[Result "1-0"]
[EventDate "1972.05.29"]
[PlyCount "43"]

1.c4 f5 2.g3 Nf6 3.Bg2 g6 4.d4 Bg7 5.Nc3 O-O 6.Nh3 Nc6 7.O-O d6 8.d5 Ne5 
9.b3 Ne4 10.Nxe4 Nf3+ 11.exf3 fxe4 12.Bg5 Bxa1 13.Qxa1 exf3 14.Re1 Rf7 15.
Bf1 Qf8 16.Qc1 Rf5 17.Rxe7 Re5 18.Rxc7 Qe8 19.Bf6 Re1 20.Ng5 Qe2 21.Qxe1 
Qxe1 22.Rxh7 1-0

[Event "1st Las Palmas it"]
[Site "Las Palmas ESP"]
[Date "1972.06.07"]
[Round "8"]
[White "Smyslov, Vassily"]
[Black "Huguet, Bernard"]
[WhiteElo "2620"]
[BlackElo "2255"]
[Result "1-0"]
[EventDate "1972.05.29"]
[PlyCount "47"]

1.Nf3 c5 2.b3 d5 3.e3 Nf6 4.Bb2 e6 5.c4 dxc4 6.Bxc4 Be7 7.O-O O-O 8.Ne5 
Nbd7 9.f4 Nxe5 10.fxe5 Nd5 11.Nc3 Nxc3 12.Bxc3 Bd7 13.Qe2 Bc6 14.Rf4 Qd7 
15.d4 f5 16.exf6 Bxf6 17.Raf1 Rae8 18.Qg4 Kh8 19.dxc5 e5 20.Qxd7 Bxd7 21.
R4f2 Bc6 22.b4 a6 23.g4 h6 24.h4 1-0

[Event "1st Las Palmas it"]
[Site "Las Palmas ESP"]
[Date "1972.06.07"]
[Round "8"]
[White "Visier Segovia, Fernando"]
[Black "Medina Garcia, Antonio Angel"]
[WhiteElo "2365"]
[BlackElo "2380"]
[Result "1/2-1/2"]
[EventDate "1972.05.29"]
[PlyCount "52"]

1.Nf3 Nf6 2.c4 e6 3.b3 Be7 4.Bb2 O-O 5.g3 b6 6.Bg2 Bb7 7.O-O c5 8.Nc3 d5 
9.cxd5 exd5 10.d4 Nbd7 11.Rc1 Re8 12.Qd3 Rc8 13.Rfd1 Bf8 14.Bh3 Rb8 15.Bg2
Ne4 16.e3 Rc8 17.dxc5 Nxc3 18.Bxc3 bxc5 19.h4 h6 20.Ne1 Nb6 21.Qf5 Qe7 22.
Nd3 Red8 23.Bb2 c4 24.Nf4 cxb3 25.axb3 Qb4 26.Bf1 Qe4 1/2-1/2

[Event "1st Las Palmas it"]
[Site "Las Palmas ESP"]
[Date "1972.06.08"]
[Round "9"]
[White "Bronstein, David"]
[Black "Dominguez Sanz, Juan Pedro"]
[WhiteElo "2585"]
[BlackElo "2265"]
[Result "1-0"]
[EventDate "1972.05.29"]
[PlyCount "61"]

1.e4 c6 2.d4 d5 3.exd5 cxd5 4.Bd3 Nc6 5.c3 g6 6.Bf4 Bg7 7.Nd2 Nf6 8.Ngf3 
Nh5 9.Be3 Qc7 10.O-O O-O 11.Re1 f5 12.Nb3 f4 13.Bd2 b6 14.c4 dxc4 15.Bxc4+
Kh8 16.Rc1 Qd6 17.d5 Nd8 18.a3 a5 19.Nbd4 Bg4 20.Bc3 Nf7 21.Ne6 Bxc3 22.
Rxc3 Bxf3 23.Qd4+ Kg8 24.Rxf3 Rfc8 25.g4 fxg3 26.hxg3 Rab8 27.g4 Rxc4 28.
Qxc4 Nf6 29.g5 Qxd5 30.Qxd5 Nxd5 31.Rd3 1-0

[Event "1st Las Palmas it"]
[Site "Las Palmas ESP"]
[Date "1972.06.10"]
[Round "10"]
[White "Portisch, Lajos"]
[Black "Bronstein, David"]
[WhiteElo "2640"]
[BlackElo "2585"]
[Result "1/2-1/2"]
[EventDate "1972.05.29"]
[PlyCount "46"]

1.d4 Nf6 2.c4 e6 3.Nf3 b6 4.g3 Ba6 5.Qc2 Bb4+ 6.Nbd2 Bb7 7.Bg2 a5 8.O-O d5
9.Ne5 O-O 10.cxd5 exd5 11.Ndf3 Ne4 12.Be3 Re8 13.Rac1 c6 14.Rfd1 Bf8 15.
Nd3 f6 16.Bd2 Na6 17.Be1 Nc7 18.a4 Ne6 19.e3 c5 20.dxc5 bxc5 21.Nd2 f5 22.
Nxe4 fxe4 23.Nf4 Nxf4 1/2-1/2

[Event "1st Las Palmas it"]
[Site "Las Palmas ESP"]
[Date "1972.06.10"]
[Round "10"]
[White "Tatai, Stefano"]
[Black "Medina Garcia, Antonio Angel"]
[WhiteElo "2460"]
[BlackElo "2380"]
[Result "1-0"]
[EventDate "1972.05.29"]
[PlyCount "61"]

1.e4 e5 2.Nf3 Nc6 3.Be2 Nf6 4.d3 d5 5.Nbd2 g6 6.O-O Bg7 7.Re1 O-O 8.Bf1 
Re8 9.c3 a5 10.b3 h6 11.Bb2 Be6 12.Qc2 Nd7 13.exd5 Bxd5 14.Re3 f5 15.Rae1 
Bf7 16.a3 g5 17.h3 Bg6 18.b4 f4 19.R3e2 axb4 20.cxb4 Nb6 21.Ne4 Na4 22.Ba1
Qd5 23.d4 Kh7 24.dxe5 Nxe5 25.Qxc7 Nxf3+ 26.gxf3 Qf7 27.Nxg5+ hxg5 28.Re7 
Rac8 29.Qxb7 Rc1 30.Rxf7 Rexe1 31.Rxg7+ 1-0

[Event "1st Las Palmas it"]
[Site "Las Palmas ESP"]
[Date "1972.06.10"]
[Round "10"]
[White "Visier Segovia, Fernando"]
[Black "Gheorghiu, Florin"]
[WhiteElo "2365"]
[BlackElo "2520"]
[Result "1/2-1/2"]
[EventDate "1972.05.29"]
[PlyCount "63"]

1.d4 g6 2.c4 Bg7 3.Nc3 d6 4.e4 e5 5.Nge2 Nf6 6.f3 O-O 7.Be3 c6 8.d5 cxd5 
9.cxd5 a6 10.Qd2 Nbd7 11.g4 h5 12.h3 Nh7 13.O-O-O h4 14.Kb1 Bf6 15.Rc1 Bg5
16.Nd1 Nc5 17.Rh2 Bd7 18.Ng1 b5 19.Qe1 a5 20.Bxg5 Qxg5 21.Ne3 Qf4 22.Rf2 
f5 23.Ng2 Qh6 24.gxf5 gxf5 25.Nxh4 Kh8 26.Rg2 Rg8 27.Rcc2 fxe4 28.fxe4 Nf6
29.Nf5 Bxf5 30.exf5 Nxd5 31.Rg4 Rxg4 32.hxg4 1/2-1/2